skbl

Dr Suryya Kumar Bhuyan Library Web-OPAC
ডঃ সূৰ্য্য
কুমাৰ ভূঞা পুথিভঁৰাল ৱেব-অ'পেক

All Research Scholars are advised to clear the annual library fees to continue using Library Resources, Remote Access, Plagiarism Test and Library Clearance.

Cotton University Book Fair 2026

Introduction to Partial Differential Equations / (Record no. 65174)

MARC details
000 -LEADER
fixed length control field 00524nam a2200181Ia 4500
001 - CONTROL NUMBER
control field 64074
008 - FIXED-LENGTH DATA ELEMENTS--GENERAL INFORMATION
fixed length control field 191127n2017 ii |||gr||||Z||||||465
020 ## - INTERNATIONAL STANDARD BOOK NUMBER
International Standard Book Number 978-81-203-4222-4
082 ## - DEWEY DECIMAL CLASSIFICATION NUMBER
Classification number 515.35
100 ## - MAIN ENTRY--PERSONAL NAME
Personal name Rao, K. Sankara,
Relator term Author.
245 #0 - TITLE STATEMENT
Title Introduction to Partial Differential Equations /
Statement of responsibility, etc. By K.Sankara Rao
Medium Textual Documents
250 ## - EDITION STATEMENT
Edition statement 3rd ed.
260 ## - PUBLICATION, DISTRIBUTION, ETC.
Place of publication, distribution, etc. New Delhi
Name of publisher, distributor, etc. PHI Learning Private Limited
Date of publication, distribution, etc. 2017
300 ## - PHYSICAL DESCRIPTION
Extent pg488:
Dimensions 23cm.
653 ## - INDEX TERM--UNCONTROLLED
Uncontrolled term Mathematics
653 ## - INDEX TERM--UNCONTROLLED
Uncontrolled term G- Mathematics
942 ## - ADDED ENTRY ELEMENTS (KOHA)
Source of classification or shelving scheme Dewey Decimal Classification
Koha item type Books
Holdings
Withdrawn status Lost status Damaged status Not for loan Collection Home library Current library Shelving location Date acquired Coded location qualifier Total checkouts Total renewals Full call number Barcode Date last seen Date last checked out Copy number Price effective from Koha item type
          Dr. Suryya Kumar Bhuyan Library Dr. Suryya Kumar Bhuyan Library   27/11/2019 00000 2 4 515.35 Ra 186 Pa 886/cu 23/06/2025 13/05/2025 1 27/11/2019 Books

Designed and Maintained by Team SKBL
©1901-2026

Powered by Koha